000 00429nam a22001817a 4500
003 MPLRDC
005 20220104160418.0
008 210129b ||||| |||| 00| 0 eng d
020 _a7-80607-775-8
082 _a415.271 TLM
100 _a唐立明主编
245 _a战胜癌症
_c
250 _a二版一刷
260 _a中国
_b珠海出版社
_c2002
300 _b
650 _a癌症
942 _cBK
_o415.271 TLM
999 _c54968
_d54958